000 00971cam a22002771 4500
001 3421
003 FISKH
005 20251120143232.0
008 770415s1938 nyuf j 000 1 eng
010 _a 38027265
035 _a(OCoLC)2890945
040 _aDLC
_cNAlf
_dOCoLC
_dDLC
042 _apremarc
050 0 0 _aPZ7.B934
_bS23
100 1 _aBurnett, Frances Hodgson,
_d1849-1924.
245 1 2 _aA little princess /
_cby Frances Hodgson Burnett ; Pictures by Tasha Tudor
260 _aLondon,
_bBurnett,
_c1963
300 _a240 pages :
_billustrations ;
_c22 cm
500 _a"The Reginald Birch edition."
520 _aSara Crewe, a pupil at Miss Minchin's London school, is left in poverty when her father dies but is later rescued by a mysterious benefactor.
650 _aBoarding School
_vChildren's Literature
700 _aTudor, Tasha
_eillustrator
906 _a7
_bcbc
_coclcrpl
_du
_encip
_f19
_gy-gencatlg
942 _2ddc
_cBK
_n0
999 _c3421
_d3421